<?xml version="1.0" encoding="UTF-8"?>
<collection xmlns="http://www.loc.gov/MARC21/slim">
 <record>
  <leader>02365aam a22002778a 4500</leader>
  <controlfield tag="001">NCT_16764</controlfield>
  <controlfield tag="008">160808s2016                  ||||||viesd</controlfield>
  <datafield tag="999" ind1=" " ind2=" ">
   <subfield code="c">791</subfield>
   <subfield code="d">791</subfield>
  </datafield>
  <datafield tag="020" ind1=" " ind2=" ">
   <subfield code="a">9786047339334</subfield>
   <subfield code="c">20000</subfield>
  </datafield>
  <datafield tag="082" ind1="0" ind2="4">
   <subfield code="2">23rd ed.</subfield>
   <subfield code="a">664.9</subfield>
   <subfield code="b">L552</subfield>
  </datafield>
  <datafield tag="100" ind1="1" ind2=" ">
   <subfield code="a">Nguyễn Tiến Lực</subfield>
  </datafield>
  <datafield tag="245" ind1="1" ind2="0">
   <subfield code="a">Công nghệ chế biến thịt và thuỷ sản</subfield>
   <subfield code="c">Nguyễn Tiến Lực</subfield>
  </datafield>
  <datafield tag="260" ind1=" " ind2=" ">
   <subfield code="a">Tp. Hồ Chí Minh</subfield>
   <subfield code="b">Nxb. Đại học Quốc gia Tp. Hồ Chí Minh</subfield>
   <subfield code="c">2016</subfield>
  </datafield>
  <datafield tag="300" ind1=" " ind2=" ">
   <subfield code="a">427tr.</subfield>
   <subfield code="b">hình vẽ, bảng</subfield>
   <subfield code="c">24cm</subfield>
  </datafield>
  <datafield tag="520" ind1="3" ind2=" ">
   <subfield code="a">Trình bày những kiến thức cơ bản về nguyên liệu, thành phần, tính chất và những biến đổi hoá lý của thịt gia súc gia cầm và thuỷ sản trong bảo quản, chế biến. Xác định các yếu tố ảnh hưởng đến chất lượng sản phẩm trong quá trình công nghệ, từ đó nâng cao giá trị của thịt, thuỷ sản nói riêng và chất lượng sản phẩm thực phẩm nói chung</subfield>
  </datafield>
  <datafield tag="653" ind1=" " ind2=" ">
   <subfield code="a">Công nghệ thực phẩm</subfield>
  </datafield>
  <datafield tag="655" ind1=" " ind2="7">
   <subfield code="a">Giáo trình</subfield>
  </datafield>
  <datafield tag="942" ind1=" " ind2=" ">
   <subfield code="2">ddc</subfield>
   <subfield code="c">BK</subfield>
  </datafield>
  <datafield tag="952" ind1=" " ind2=" ">
   <subfield code="0">0</subfield>
   <subfield code="1">0</subfield>
   <subfield code="2">ddc</subfield>
   <subfield code="4">0</subfield>
   <subfield code="6">664_900000000000000_L552</subfield>
   <subfield code="7">0</subfield>
   <subfield code="9">3067</subfield>
   <subfield code="a">000001</subfield>
   <subfield code="b">000001</subfield>
   <subfield code="d">2017-11-09</subfield>
   <subfield code="o">664.9 L552</subfield>
   <subfield code="p">MD.07760</subfield>
   <subfield code="r">2017-11-09</subfield>
   <subfield code="v">20000.00</subfield>
   <subfield code="w">2017-11-09</subfield>
   <subfield code="y">BK</subfield>
  </datafield>
  <datafield tag="952" ind1=" " ind2=" ">
   <subfield code="0">0</subfield>
   <subfield code="1">0</subfield>
   <subfield code="2">ddc</subfield>
   <subfield code="4">0</subfield>
   <subfield code="6">664_900000000000000_L552</subfield>
   <subfield code="7">0</subfield>
   <subfield code="9">3068</subfield>
   <subfield code="a">000001</subfield>
   <subfield code="b">000001</subfield>
   <subfield code="d">2017-11-09</subfield>
   <subfield code="l">2</subfield>
   <subfield code="o">664.9 L552</subfield>
   <subfield code="p">MD.07761</subfield>
   <subfield code="r">2019-03-29</subfield>
   <subfield code="s">2019-03-15</subfield>
   <subfield code="v">20000.00</subfield>
   <subfield code="w">2017-11-09</subfield>
   <subfield code="y">BK</subfield>
  </datafield>
  <datafield tag="952" ind1=" " ind2=" ">
   <subfield code="0">0</subfield>
   <subfield code="1">0</subfield>
   <subfield code="2">ddc</subfield>
   <subfield code="4">0</subfield>
   <subfield code="6">664_900000000000000_L552</subfield>
   <subfield code="7">0</subfield>
   <subfield code="9">3069</subfield>
   <subfield code="a">000001</subfield>
   <subfield code="b">000001</subfield>
   <subfield code="d">2017-11-09</subfield>
   <subfield code="o">664.9 L552</subfield>
   <subfield code="p">MD.07762</subfield>
   <subfield code="r">2017-11-09</subfield>
   <subfield code="v">20000.00</subfield>
   <subfield code="w">2017-11-09</subfield>
   <subfield code="y">BK</subfield>
  </datafield>
  <datafield tag="952" ind1=" " ind2=" ">
   <subfield code="0">0</subfield>
   <subfield code="1">0</subfield>
   <subfield code="2">ddc</subfield>
   <subfield code="4">0</subfield>
   <subfield code="6">664_900000000000000_L552</subfield>
   <subfield code="7">0</subfield>
   <subfield code="9">3070</subfield>
   <subfield code="a">000001</subfield>
   <subfield code="b">000001</subfield>
   <subfield code="d">2017-11-09</subfield>
   <subfield code="l">2</subfield>
   <subfield code="o">664.9 L552</subfield>
   <subfield code="p">MD.07763</subfield>
   <subfield code="r">2019-06-14</subfield>
   <subfield code="s">2019-04-10</subfield>
   <subfield code="v">20000.00</subfield>
   <subfield code="w">2017-11-09</subfield>
   <subfield code="y">BK</subfield>
  </datafield>
  <datafield tag="952" ind1=" " ind2=" ">
   <subfield code="0">0</subfield>
   <subfield code="1">0</subfield>
   <subfield code="2">ddc</subfield>
   <subfield code="4">0</subfield>
   <subfield code="6">664_900000000000000_L552</subfield>
   <subfield code="7">0</subfield>
   <subfield code="9">3071</subfield>
   <subfield code="a">000001</subfield>
   <subfield code="b">000001</subfield>
   <subfield code="d">2017-11-09</subfield>
   <subfield code="l">2</subfield>
   <subfield code="o">664.9 L552</subfield>
   <subfield code="p">MD.07764</subfield>
   <subfield code="r">2019-06-04</subfield>
   <subfield code="s">2019-05-21</subfield>
   <subfield code="v">20000.00</subfield>
   <subfield code="w">2017-11-09</subfield>
   <subfield code="y">BK</subfield>
  </datafield>
  <datafield tag="952" ind1=" " ind2=" ">
   <subfield code="0">0</subfield>
   <subfield code="1">0</subfield>
   <subfield code="2">ddc</subfield>
   <subfield code="4">0</subfield>
   <subfield code="6">664_900000000000000_L552</subfield>
   <subfield code="7">0</subfield>
   <subfield code="9">3072</subfield>
   <subfield code="a">000001</subfield>
   <subfield code="b">000001</subfield>
   <subfield code="d">2017-11-09</subfield>
   <subfield code="l">2</subfield>
   <subfield code="o">664.9 L552</subfield>
   <subfield code="p">MD.07765</subfield>
   <subfield code="r">2019-07-02</subfield>
   <subfield code="s">2019-06-21</subfield>
   <subfield code="v">20000.00</subfield>
   <subfield code="w">2017-11-09</subfield>
   <subfield code="y">BK</subfield>
  </datafield>
  <datafield tag="952" ind1=" " ind2=" ">
   <subfield code="0">0</subfield>
   <subfield code="1">0</subfield>
   <subfield code="2">ddc</subfield>
   <subfield code="4">0</subfield>
   <subfield code="6">664_900000000000000_L552</subfield>
   <subfield code="7">0</subfield>
   <subfield code="9">3073</subfield>
   <subfield code="a">000001</subfield>
   <subfield code="b">000001</subfield>
   <subfield code="d">2017-11-09</subfield>
   <subfield code="l">2</subfield>
   <subfield code="m">1</subfield>
   <subfield code="o">664.9 L552</subfield>
   <subfield code="p">MD.07766</subfield>
   <subfield code="r">2019-11-04</subfield>
   <subfield code="s">2019-10-21</subfield>
   <subfield code="v">20000.00</subfield>
   <subfield code="w">2017-11-09</subfield>
   <subfield code="y">BK</subfield>
  </datafield>
  <datafield tag="980" ind1=" " ind2=" ">
   <subfield code="a">Thư viện Trường Đại học Nam Cần Thơ</subfield>
  </datafield>
 </record>
</collection>
